000 00232nam a22000977a 4500
003 OSt
008 210118b ||||| |||| 00| 0 eng d
100 _aChandra, J
_94892
245 _aIntroduction to engineering drawing I
942 _cBK
999 _c16676
_d16676